000 01070nam a2200277 i 4500
003 EG-GICUC
005 20260121101218.0
008 251113s1991 EG ||||fr|||| 000 0 ara d
040 _a EG-GICUC
_bara
_c EG-GICUC
_d EG-GICUC
_erda
082 0 4 _221
_a341.83
_bح س . د
092 0 4 _221
099 _alaw1 11 341.83 1991 ح س . د
100 0 _a الموجى ، حسين
_eAuthor.
245 _aدور الاتفاقات الثنائية في تطوير النظام القانوني الدولي للاستثمارات الأجنبية الخاصة /
_cحسين الموجى
264 _aالقاهرة :
_bدار النهضة العربية ،
_c1991.
300 _a130 صفحة :
_c24 سم
336 _2rda content
_atext
337 _2rda media
_aComputer
338 _2rda carrier
_aOnline Resource
546 _aالنص باللغة العربية
650 1 4 _aالقانون الدولي الخاص
_2qrmak
651 1 _2qrmak
856 4 0 _uhttps://fll.law.cu.edu.eg/fulltext/bks/B11-04393.pdf
905 _a39
942 _2ddc
_cBK
_e21
_n0
999 _c43096
_d43096